Cistematicheskie otnosheniia, proiskhozhdenie i istoriia rasseleniia evropeisko-aziatskikh i severoamerikanskikh okunei i sudakov (rody perca, lucioperca i stizostedion).
Saved in:
| Main Author: | |
|---|---|
| Format: | Book |
| Language: | Russian |
| Published: |
[Moskva]
1963.
|
| Series: | Voprosy ikhtiologii,
t. 3, vyp. 4 |
| Subjects: | |
| Tags: |
Add Tag
No Tags, Be the first to tag this record!
|
| LEADER | 00902cam a2200253M 4500 | ||
|---|---|---|---|
| 001 | 005455249-4 | ||
| 005 | 20160707140810.0 | ||
| 008 | 950324s1963 ru a 000 0 rus d | ||
| 035 | 0 | |a ocm78307104 | |
| 040 | |a HMZ |b eng |c HLS |d OCLCG |d OCLCQ |d HMZ | ||
| 050 | 4 | |a QL638.P4 |b S84 1963a | |
| 100 | 1 | |a Svetovidov, A. N. |q (Anatoliĭ Nikolaevich), |d 1903- | |
| 245 | 1 | 0 | |a Cistematicheskie otnosheniia, proiskhozhdenie i istoriia rasseleniia evropeisko-aziatskikh i severoamerikanskikh okunei i sudakov (rody perca, lucioperca i stizostedion). |
| 260 | |a [Moskva] |c 1963. | ||
| 300 | |a 625-651 pages |b illustrations. | ||
| 336 | |a text |b txt |2 rdacontent | ||
| 337 | |a unmediated |b n |2 rdamedia | ||
| 338 | |a volume |b nc |2 rdacarrier | ||
| 490 | 0 | |a Voprosy ikhtiologii, |v t. 3, vyp. 4 | |
| 500 | |a At head of title: A.N. Svetovidov i E.A. Dorofeeva. | ||
| 650 | 0 | |a Perch. | |
| 650 | 0 | |a Pike. | |
| 988 | |a 20020608 | ||
| 906 | |0 MH | ||


